<?xml version="1.0" encoding="UTF-8"?>
<record
    xmlns:xsi="http://www.w3.org/2001/XMLSchema-instance"
    xsi:schemaLocation="http://www.loc.gov/MARC21/slim http://www.loc.gov/standards/marcxml/schema/MARC21slim.xsd"
    xmlns="http://www.loc.gov/MARC21/slim">

  <leader>02244nam a22002177a 4500</leader>
  <controlfield tag="003">OSt</controlfield>
  <controlfield tag="005">20230105104525.0</controlfield>
  <controlfield tag="008">230105b           ||||| |||| 00| 0 spa d</controlfield>
  <datafield tag="020" ind1=" " ind2=" ">
    <subfield code="a">9789585245563</subfield>
  </datafield>
  <datafield tag="040" ind1=" " ind2=" ">
    <subfield code="c">CO-MqBPB</subfield>
  </datafield>
  <datafield tag="082" ind1=" " ind2=" ">
    <subfield code="a">JN</subfield>
    <subfield code="b">RADi</subfield>
  </datafield>
  <datafield tag="100" ind1=" " ind2=" ">
    <subfield code="a">Radden Keefe, Patrick</subfield>
    <subfield code="e">Autor</subfield>
  </datafield>
  <datafield tag="245" ind1=" " ind2=" ">
    <subfield code="a">El imperio del dolor:</subfield>
    <subfield code="b">La historia secreta de la dinast&#xED;a que rein&#xF3; en la industria farmac&#xE9;utica</subfield>
    <subfield code="c">Patrick Radden Keefe</subfield>
  </datafield>
  <datafield tag="264" ind1=" " ind2=" ">
    <subfield code="a">Barcelona:</subfield>
    <subfield code="b">Peguin Random House:</subfield>
    <subfield code="c">2021.</subfield>
  </datafield>
  <datafield tag="300" ind1=" " ind2=" ">
    <subfield code="a">686 pg</subfield>
    <subfield code="b">Tapa blanda con solapa</subfield>
    <subfield code="c">23 cm</subfield>
  </datafield>
  <datafield tag="500" ind1=" " ind2=" ">
    <subfield code="a">El apellido Sackler adorna los muros de las instituciones m&#xE1;s distinguidas: Harvard, el Metropolitan, Oxford, el Louvre... Es una de las familias m&#xE1;s ricas del mundo, benefactora de las artes y las ciencias. El origen de su patrimonio siempre fue dudoso, hasta que sali&#xF3; a la luz que lo hab&#xED;an multiplicado gracias a OxyContin, un potente analg&#xE9;sico que cataliz&#xF3; la crisis de los opioides en Estados Unidos.

El imperio del dolor empieza en la Gran Depresi&#xF3;n, con la historia de tres hermanos dedicados a la medicina: Raymond, Mortimer y el infatigable Arthur Sackler, dotado de una visi&#xF3;n especial para la publicidad y el marketing. A&#xF1;os despu&#xE9;s, contribuy&#xF3; a la primera fortuna familiar ideando la estrategia comercial de Valium, un revolucionario tranquilizante, para una gran farmac&#xE9;utica.

Tras unas d&#xE9;cadas fue Richard Sackler, el hijo de Raymond, quien pas&#xF3; a dirigir los negocios del clan, incluida Purdue Pharma, su propia empresa fabricante de medicamentos. Bas&#xE1;ndose en las t&#xE1;cticas agresivas de su t&#xED;o Arthur para vender el Valium, lanz&#xF3; un f&#xE1;rmaco que hab&#xED;a de ser definitivo: OxyContin. Con &#xE9;l ganaron miles de millones de d&#xF3;lares, pero terminar&#xED;a por arruinar su reputaci&#xF3;n.

Desde 2017, Patrick Radden Keefe ha investigado los secretos de la dinast&#xED;a Sackler: las complicadas relaciones familiares, los flujos de dinero, sus dudosas pr&#xE1;cticas corporativas... El resultado es una bomba period&#xED;stica que relata el auge y declive de una de las grandes familias americanas y su oscuro emporio de la salud.</subfield>
  </datafield>
  <datafield tag="650" ind1=" " ind2=" ">
    <subfield code="2">Novela</subfield>
    <subfield code="a">Investigativa</subfield>
  </datafield>
  <datafield tag="650" ind1=" " ind2=" ">
    <subfield code="2">Novela</subfield>
    <subfield code="a">Industria </subfield>
  </datafield>
  <datafield tag="700" ind1=" " ind2=" ">
    <subfield code="a">Albino, Santos Mosquera</subfield>
    <subfield code="e">Traductor</subfield>
  </datafield>
  <datafield tag="942" ind1=" " ind2=" ">
    <subfield code="2">ddc</subfield>
    <subfield code="c">BKLIT</subfield>
  </datafield>
  <datafield tag="999" ind1=" " ind2=" ">
    <subfield code="c">14690</subfield>
    <subfield code="d">14690</subfield>
  </datafield>
  <datafield tag="952" ind1=" " ind2=" ">
    <subfield code="0">0</subfield>
    <subfield code="1">0</subfield>
    <subfield code="2">ddc</subfield>
    <subfield code="4">0</subfield>
    <subfield code="7">0</subfield>
    <subfield code="8">GEN</subfield>
    <subfield code="a">BPMOS</subfield>
    <subfield code="b">BPMOS</subfield>
    <subfield code="d">2023-01-05</subfield>
    <subfield code="e">Compra</subfield>
    <subfield code="i">NT</subfield>
    <subfield code="l">1</subfield>
    <subfield code="o">JN RADi</subfield>
    <subfield code="p">MOS502860</subfield>
    <subfield code="r">2026-05-21</subfield>
    <subfield code="s">2025-01-29</subfield>
    <subfield code="t">Ej 1</subfield>
    <subfield code="w">2023-01-05</subfield>
    <subfield code="y">BKLIT</subfield>
    <subfield code="z">Quince dias</subfield>
  </datafield>
</record>
